000 00717nam a22002657a 4500
001 BR9406379
003 BR-BrBNA
005 20230928094341.0
007 ta
008 230509b bl.||||| |||| 00| 0 por d
040 _aBR-BrBNA
_bpor
_cBiblioteca Nacional de Agricultura
041 _a(Por)
072 _aE10; E71
090 _ E10 BR9406379
110 1 _aSociedade Brasileira de Expansao Comercial Ltda., Sao Paulo, SP (Brasil)
_99714
245 1 _aBrasil, sua industria e exportacao
250 1 _a9. ed.
260 3 _aSao Paulo, SP (Brasil):
_c1957.
300 _a689 p.
650 _aIndustria
650 _aComercio
650 _aExportacao
909 _a202309
_bLucia
_c55
_dLucia Elande
942 _cBK
999 _c50225
_d50225